000 00677nam a2200217 a 4500
001 68555
003 BD-RJUL
005 20211209081803.0
008 190415s2019 ii b 000 0 ben d
020 _a9789843437570
035 _a(BD-RJUL) 68765
040 _aBD-RJUL
_cBD-RJUL
_beng
041 _aeng
082 _223
_a891.443
_bBAE 2019
100 _aবাদল, আরেফিন
_9230595
245 _aএবং মাতৃত্ব /
_cআরেফিন বাদল
260 _aঢাকা :
_bপলল প্রকাশনী,
_c২০১৯
300 _a৬৪ পৃ. ;
_c২২ সেমি.
650 _aBengali fiction.
_9230596
942 _2ddc
_cBK
999 _c68555
_d68555